Géographie de l'Amérique du Sud par lettre - D - Statistiques

Statistiques générales
  • Ce quiz a été pris 112 fois
  • Le résultat moyen est 11 sur 20
Statistiques - réponses
Question Réponse % Correct
Risque majeur touchant l'Amazonie et qui pourrait avoir des conséquences sur toute la planète Déforestation
91%
Activité principale de certains cartels basés en Amérique du sud Trafic de {drogue}
91%
Scientifique britannique qui, en expédition sur le Beagle, a fait quantité d'observations naturalistes qui lui inspireront une fameuse théorie Charles Darwin
90%
On a donné à celui du sud du continent le nom de Magellan Détroit
89%
Régime politique qu'ont connu de nombreux pays d'Amérique du Sud au cours du 20e siècle Dictature
84%
Type d'embouchure de l'Amazone et de l'Orénoque Delta
82%
Le plus connu du continent est celui d'Atacama Désert
77%
Celui de l'Amazone est, de très loin, le plus important du monde Débit
65%
Maladie infectieuse transmise par un moustique qui touche toute la partie tropicale du continent Dengue
61%
Monnaie de trois pays d'Amérique du Sud Dollar
59%
Nom donné en Amérique du Sud à la crise de 1929, qui a fortement impacté les productions de sucre, café et huile. Indice : le mot à trouver représente une partie de repas Crise des produits de {dessert}
57%
Capitaine français déporté au bagne de Guyane Alfred Dreyfus
55%
Archipel le plus au sud du plateau continental sud-américain : trouvez le prénom Îles {Diego} Ramirez
41%
Nom de la première subdivision au Pérou, Colombie, Bolivie, Paraguay, Uruguay Département
32%
Bras de mer entre l'Amérique du Sud et l'Antarctique, du nom d'un explorateur et corsaire britannique Passage de {Drake}
22%
Type de tourisme dans lequel se sont investis la Bolivie et l'Equateur Tourisme {durable}
22%
Friandise répandue en Argentine, ou son équivalent brésilien, qu'on traduit parfois par "confiture de lait" Dulce de leche | Dolce de leite
21%
Auteur britannique, dont le héros vit dans l'embouchure de l'Orenoque et s'inspire d'un naufragé des îles Juan Fernandez Daniel Defoe
19%
Pionnier de l'aviation brésilien, qui a donné son nom à une ville et un aéroport de Rio Alberto Santos {Dumont}
15%
Police politique chilienne du temps de Pinochet DINA
11%
Aucun quiz correspondant
Distribution des résultats
% des personnes avec chaque résultat
Percentile par nombre de réponses
Votre historique - résultats
Vous n’avez pas pris ce quiz